| 000 | 00750cam a2200217 4500 | ||
|---|---|---|---|
| 082 |
_a531.38 _bSOU _cL-5, P-38 |
||
| 100 | 1 |
_aSouthwell, R. V. _939095 |
|
| 245 | 1 | 3 |
_aAn introduction to the theory of elasticity for engineers and physicists, _cby R.V. Southwell. |
| 250 | _a2d ed. | ||
| 260 |
_a[London, _aNew York] _bOxford University Press, _c1941. |
||
| 300 |
_avi, 509 p. _b2 pl., diagrs. _c24 cm. |
||
| 490 | 1 | _aThe Oxford engineering science series | |
| 500 | _aIncludes indexes. | ||
| 500 | _aIssued with various printing dates. | ||
| 526 |
_a0 _b0 _c0 _d531_380000000000000_SOU |
||
| 650 | 0 |
_aElasticity. _910835 |
|
| 650 | 0 |
_aMCE _9379 |
|
| 650 | 0 |
_aMechanics, Applied. _913090 |
|
| 650 | 0 |
_aStrains and stresses. _928238 |
|
| 942 |
_2ddc _cBK |
||
| 999 |
_c544297 _d544297 |
||